00601nam a2200253Ia 4500008004100000020001800041100002400059245002500083245002400108260001500132260002000147260000900167300001700176300001000193650004400203650001600247650001300263650001000276650001400286650001300300650001300313650001300326700000800339160803s9999 xx 000 0 und d a9780590434980 aPaterson, Katherine aJacob have I loved / cKatherine Paterson. aNew York : bScholastic Inc. c1990 a244 pages ;  c17 cm aChesapeake Bay Region (Md. and Va.) --  aSisters --  aSisters. aTwins aTwins --  xFiction. xFiction. xFiction. a880